Осциллополярографическое исследование поведения аниона персульфата на ртутном электроде: [оттиск]

Bibliographische Detailangaben
1. Verfasser: Гладышев В. П.
Sprache:Russisch
Veröffentlicht: Прага, 1963
Schriftenreihe:Collection of Czechoslovak Chemical Communications Vol. 28 (1963)
Schlagworte:
Format: MixedMaterials Buch
KOHA link:https://koha.lib.tpu.ru/cgi-bin/koha/opac-detail.pl?biblionumber=335431

MARC

LEADER 00000nam0a2200000 4500
001 335431
005 20231102004743.0
035 |a (RuTPU)RU\TPU\book\361802 
090 |a 335431 
100 |a 20170922d1963 k y0rusy50 ca 
101 0 |a rus 
102 |a CZ 
105 |a a z 001zy 
200 1 |a Осциллополярографическое исследование поведения аниона персульфата на ртутном электроде  |e [оттиск]  |f В. П. Гладышев 
210 |a Прага  |d 1963 
215 |a 11 с.  |c ил. 
225 1 |a Collection of Czechoslovak Chemical Communications  |v Vol. 28 (1963) 
320 |a Библиогр. в конце ст. 
606 1 |a Полярография осциллографическая  |2 stltpush  |3 (RuTPU)RU\TPU\subj\50823  |9 69457 
610 1 |a анион персульфата 
610 1 |a ртутные электроды 
610 1 |a исследование 
610 1 |a графики 
610 1 |a расчеты 
610 1 |a библиотека А. Г. Стромберга 
675 |a 543.552  |v 4 
700 1 |a Гладышев  |b В. П. 
801 1 |a RU  |b 63413507  |c 20170922 
801 2 |a RU  |b 63413507  |c 20171122  |g RCR 
942 |c BK